|
|
|
|
| LEADER |
01582nam a2200385 i 4500 |
| 001 |
EBC6627418 |
| 003 |
MiAaPQ |
| 005 |
20220120154726.0 |
| 006 |
m o d | |
| 007 |
cr cnu|||||||| |
| 008 |
220120s2015 enka o 000 0 eng d |
| 020 |
|
|
|z 9781472583109
|q (print)
|
| 020 |
|
|
|a 9781472583123
|q (electronic bk.)
|
| 035 |
|
|
|a (MiAaPQ)EBC6627418
|
| 035 |
|
|
|a (Au-PeEL)EBL6627418
|
| 035 |
|
|
|a (OCoLC)1062229106
|
| 040 |
|
|
|a MiAaPQ
|b eng
|e rda
|e pn
|c MiAaPQ
|d MiAaPQ
|
| 043 |
|
|
|a a-ii---
|
| 050 |
|
4 |
|a HC440.I5
|b .D383 2015
|
| 082 |
0 |
|
|a 339.209543
|2 23
|
| 100 |
1 |
|
|a Davala, Sarath,
|e author.
|
| 245 |
1 |
0 |
|a Basic income :
|b a transformative policy for India /
|c Sarath Davala [and three others].
|
| 264 |
|
1 |
|a London, England :
|b Bloomsbury Academic,
|c [2015]
|
| 264 |
|
4 |
|c 2015
|
| 300 |
|
|
|a 1 online resource (xii, 234 pages) :
|b illustrations
|
| 336 |
|
|
|a text
|b txt
|2 rdacontent
|
| 337 |
|
|
|a computer
|b c
|2 rdamedia
|
| 338 |
|
|
|a online resource
|b cr
|2 rdacarrier
|
| 588 |
|
|
|a Description based on print version record.
|
| 590 |
|
|
|a Electronic reproduction. Ann Arbor, MI : ProQuest, 2018. Available via World Wide Web. Access may be limited to ProQuest affiliated libraries.
|
| 650 |
|
0 |
|a Income
|z India
|z Madhya Pradesh.
|
| 655 |
|
4 |
|a Electronic books.
|
| 776 |
0 |
8 |
|i Print version:
|a Davala, Sarath.
|t Basic income : a transformative policy for India.
|d London, England : Bloomsbury Academic, c2015
|h xii, 234 pages
|z 9781472583109
|
| 797 |
2 |
|
|a ProQuest (Firm)
|
| 856 |
4 |
0 |
|u https://ebookcentral.proquest.com/lib/matrademy/detail.action?docID=6627418
|z Click to View
|